000 00514nam a2200205 i 4500
001 bimo0000053794
003 OSt
005 20160330162228.0
008 890919q1947 fr spa
035 _a(OCoLC)435338553
040 _cBMC
082 _a864.56
100 0 0 _925
_aAzorín
_d1873-1967
245 1 0 _aLecturas españolas
_cAzorín
250 _a6ª ed
260 1 _aBuenos Aires
_bEspasa-Calpe Argentina
_c1947
300 _a287 p.
_c18 cm
490 _aAustral
_v36
942 _2ddc
_cBK
_hprozim
999 _c31
_d31